Statistics for Deadliest Shipwrecks in Australian History

Click here to take the quiz!

General Stats

  • This quiz has been taken 7 times
  • The average score is 5 of 22

Answer Stats

YearLocationDeath tollVessel% Correct
1943North Stradbroke Island,
QLD
268AHS Centaur
75%
1911Great Barrier Reef,
QLD
122SS Yongala
50%
1629Abrolhos Islands,
WA
125+Batavia
25%
1845King Island,
TAS
406Cataraqui
25%
1857Port Jackson,
NSW
121Dunbar
25%
1835D'Entrecasteaux Channel,
TAS
133George III
25%
1964Jervis Bay,
NSW
82HMAS Voyager
25%
1878Shipwreck coast,
VIC
53Loch Ard
25%
1835King Island,
TAS
224Neva
25%
1890Cape York,
QLD
133RMS Quetta
25%
1859Limestone Coast,
SA
89SS Admella
25%
1866Newcastle,
NSW
60SS Cawarra
25%
1912Coast near Broome,
WA
158SS Koombana
25%
1622Monte Bello Islands,
WA
93Tryall
25%
1712Coast near Murchison River,
WA
286Zuytdorp
25%
1726WA212Aagtekerke
0%
1874King Island,
TAS
79British Admiral
0%
1886Green Cape,
NSW
71Ly-Ee-Moon
0%
1896Brisbane,
QLD
50Pearl
0%
1875Ayr,
QLD
112SS Gothenburg
0%
1656Ledge Point, WA186Vergulde Draeck
0%
1727Houtman Abrolhos Islands,
WA
60Zeewyk
0%

Score Distribution

Percentile by Number Answered

Percent of People with Each Score

Your Score History

You have not taken this quiz